[Event "Verbandsliga Sued Baden 9899"]
[Site "Germany"]
[Date "1998.10.11"]
[Round "1.2"]
[White "Voneschen, Jan"]
[Black "Ketterer, Christian"]
[Result "0-1"]
[WhiteElo "2160"]
[BlackElo "2255"]
[PlyCount "80"]
[EventDate "1998.10.??"]
[EventType "team"]
[EventRounds "9"]
[EventCountry "GER"]
[SourceTitle "EXT 2004"]
[Source "ChessBase"]
[SourceDate "2003.11.25"]
[SourceVersion "1"]
[SourceVersionDate "2003.11.25"]
[SourceQuality "1"]
[WhiteTeam "Dreilaendereck"]
[BlackTeam "Donaueschingen"]
[WhiteTeamCountry "GER"]
[BlackTeamCountry "GER"]

1. d4 Nf6 2. f4 d5 3. Nf3 Bf5 4. e3 e6 5. Bd3 Be7 6. 0-0 0-0 7. Ne5 Bxd3 8. Qxd3 c5 9. Nd2 Nc6 10. c3 Rc8 11. b3 a6 12. Bb2 Qb6 13. Rae1 Rc7 14. Kh1 Bd6 15. Rf3 Rfc8 16. Rh3 g6 17. Qe2 Qa5 18. a3 Qb6 19. Qf2 Be7 20. Rg1 cxd4 21. exd4 Na5 22. b4 Nc6 23. g4 a5 24. g5 Nh5 25. Nf1 axb4 26. axb4 Nxe5 27. fxe5 Bxb4 28. Rf3 Bxc3 29. Bxc3 Rxc3 30. Rxf7 Rc2 31. Qf3 Qxd4 32. Ne3 R2c7 33. Ng4 Rxf7 34. Nh6+ Kh8 35. Nxf7+ Kg7 36. Nd6 Rf8 37. Qb3 Qxe5 38. Qxb7+ Kg8 39. Qe7 d4 40. Rd1 Nf4 0-1

[Event "SUI-chT"]
[Site "Switzerland"]
[Date "1998.06.28"]
[Round "4.7"]
[White "Patuzzo, Fabrizio"]
[Black "Voneschen, Jan"]
[Result "1-0"]
[WhiteElo "2290"]
[BlackElo "2160"]
[PlyCount "123"]
[EventDate "1998.03.29"]
[EventType "team-tourn"]
[EventRounds "9"]
[EventCountry "SUI"]
[SourceTitle "EXT 2006"]
[Source "ChessBase"]
[SourceDate "2005.11.24"]
[SourceVersion "1"]
[SourceVersionDate "2005.11.24"]
[SourceQuality "1"]

1. d4 f5 2. g3 Nf6 3. Bg2 g6 4. c4 Bg7 5. Nc3 0-0 6. Nf3 d6 7. 0-0 c6 8. b3 Re8 9. Bb2 Nbd7 10. Qc2 Nf8 11. Rad1 Qc7 12. Rfe1 Bd7 13. e4 Nxe4 14. Nxe4 fxe4 15. Qxe4 Rad8 16. Bc1 Qa5 17. a4 Bf5 18. Qe3 Qb4 19. Bd2 Qa3 20. Ra1 Qb2 21. b4 a6 22. Bf1 e5 23. Bc3 Qb3 24. Nd2 Qc2 25. d5 Bh6 26. Qxh6 Qxc3 27. Bg2 e4 28. g4 e3 29. fxe3 Qxd2 30. gxf5 gxf5 31. dxc6 bxc6 32. Bxc6 Re7 33. Kh1 Rg7 34. Bd5+ Kh8 35. Qf6 Re8 36. b5 Ng6 37. b6 Ne5 38. h3 Nd3 39. Rf1 Nf2+ 40. Rxf2 Qxf2 41. b7 Reg8 42. Qxg7+ Kxg7 43. Rg1+ Qxg1+ 44. Kxg1 Rb8 45. Kf2 Kf6 46. Ke2 Ke7 47. Kf3 Kd7 48. Kf4 Rf8 49. Kg5 Kc7 50. h4 Re8 51. Kf4 Re7 52. h5 h6 53. Bf3 Re8 54. Bd5 Rf8 55. Bf3 Kb6 56. Bd5 Ka5 57. Be6 Rb8 58. Bc8 Kxa4 59. Kxf5 Kb3 60. Ke6 a5 61. Kxd6 a4 62. c5 1-0

[Event "SUI-chT"]
[Site "Switzerland"]
[Date "1998.06.07"]
[Round "3.8"]
[White "Gerber, Richard"]
[Black "Voneschen, Jan"]
[Result "1-0"]
[WhiteElo "2330"]
[BlackElo "2160"]
[PlyCount "77"]
[EventDate "1998.03.29"]
[EventType "team-tourn"]
[EventRounds "9"]
[EventCountry "SUI"]
[SourceTitle "EXT 2006"]
[Source "ChessBase"]
[SourceDate "2005.11.24"]
[SourceVersion "1"]
[SourceVersionDate "2005.11.24"]
[SourceQuality "1"]

1. d4 f5 2. g3 Nf6 3. Bg2 e6 4. Nh3 d5 5. 0-0 Bd6 6. c4 c6 7. Qc2 0-0 8. Bf4 Qe7 9. Nd2 Nh5 10. Bxd6 Qxd6 11. e3 Nd7 12. Rac1 Ndf6 13. Nf3 Ng4 14. Qc3 Rf6 15. Ne5 Qe7 16. Nd3 Rh6 17. b4 Bd7 18. b5 Nhf6 19. cxd5 exd5 20. Qb4 Qe8 21. Rfe1 g5 22. Nxg5 Nxh2 23. Ne5 Nhg4 24. Ngf7 Rh5 25. Qd6 Be6 26. bxc6 bxc6 27. Nxg4 Nxg4 28. Ne5 Nxe5 29. Qxe5 Rh6 30. Bf3 Qd7 31. Rb1 Rc8 32. Rec1 Rg6 33. Rb3 Qc7 34. Qxc7 Rxc7 35. Rb8+ Kg7 36. Rd8 Kf7 37. Kg2 Kf6 38. Bxd5 Bxd5+ 39. Rxd5 1-0

[Event "SUI-chT"]
[Site "Switzerland"]
[Date "1996.??.??"]
[Round "6"]
[White "Voneschen, Jan"]
[Black "Vulevic, Vjekoslav"]
[Result "0-1"]
[WhiteElo "2200"]
[BlackElo "2335"]
[PlyCount "64"]
[EventDate "1996.??.??"]
[EventType "team-tourn"]
[EventRounds "9"]
[EventCountry "SUI"]
[SourceTitle "CBM 055 Extra"]
[Source "ChessBase"]
[SourceDate "1997.01.01"]
[SourceVersion "1"]
[SourceVersionDate "1997.01.01"]
[SourceQuality "1"]

1. e4 c5 2. Nf3 a6 3. d4 cxd4 4. Nxd4 Nf6 5. Bd3 e5 6. Nf3 d5 7. Qe2 dxe4 8. Bxe4 Nxe4 9. Qxe4 Nc6 10. 0-0 f5 11. Qc4 Qe7 12. Bg5 Qe6 13. Qxe6+ Bxe6 14. c3 h6 15. Be3 g5 16. Re1 Kf7 17. Bb6 Bd6 18. Nfd2 Rhe8 19. a4 e4 20. Na3 Ne5 21. Re2 Rac8 22. f3 exf3 23. Nxf3 Nxf3+ 24. gxf3 Bb3 25. Rd2 Re6 26. a5 Rce8 27. Kf2 Bxh2 28. Rh1 Bf4 29. Rd7+ Kg6 30. Rb1 R8e7 31. Rxe7 Rxe7 32. Rh1 g4 0-1

[Event "SUI-chT"]
[Site "Switzerland"]
[Date "1995.??.??"]
[Round "6"]
[White "Voneschen, Jan"]
[Black "Manievich, Victor"]
[Result "1-0"]
[WhiteElo "2080"]
[BlackElo "2255"]
[PlyCount "83"]
[EventDate "1995.??.??"]
[EventType "team-tourn"]
[EventRounds "9"]
[EventCountry "SUI"]
[SourceTitle "CBM 049 Extra"]
[Source "ChessBase"]
[SourceDate "1996.01.01"]
[SourceVersion "1"]
[SourceVersionDate "1996.01.01"]
[SourceQuality "1"]

1. e4 Nc6 2. Bc4 e6 3. Nc3 Nf6 4. Bb3 d5 5. exd5 exd5 6. d4 Bg4 7. f3 Be6 8. Nge2 Na5 9. Qd3 c6 10. Bg5 Be7 11. 0-0 Nxb3 12. axb3 0-0 13. f4 h6 14. Bh4 Ne4 15. Bxe7 Qxe7 16. f5 Bd7 17. Nxe4 dxe4 18. Qe3 Qg5 19. Qxg5 hxg5 20. Ng3 Rfe8 21. Rae1 c5 22. dxc5 Bc6 23. Re3 Re5 24. b4 Rae8 25. Rd1 f6 26. c4 a6 27. Rd4 Kf7 28. Ne2 Rxf5 29. Nc3 Re7 30. b5 axb5 31. cxb5 Be8 32. Rdxe4 Rfe5 33. Rxe5 fxe5 34. Ne4 Ke6 35. Nd6 Bg6 36. Kf2 Kd5 37. Rc3 Rc7 38. b4 b6 39. Ra3 bxc5 40. b6 Kxd6 41. bxc7 Kxc7 42. bxc5 1-0

[Event "SUI-chT"]
[Site "Switzerland"]
[Date "1995.??.??"]
[Round "5"]
[White "Voneschen, Jan"]
[Black "Milosevic, Goran"]
[Result "1/2-1/2"]
[WhiteElo "2080"]
[BlackElo "2390"]
[PlyCount "85"]
[EventDate "1995.??.??"]
[EventType "team-tourn"]
[EventRounds "9"]
[EventCountry "SUI"]
[SourceTitle "CBM 049 Extra"]
[Source "ChessBase"]
[SourceDate "1996.01.01"]
[SourceVersion "1"]
[SourceVersionDate "1996.01.01"]
[SourceQuality "1"]

1. e4 c5 2. Nf3 e6 3. d4 cxd4 4. Nxd4 a6 5. Bd3 Nf6 6. 0-0 Qc7 7. Be3 d5 8. Nd2 Nc6 9. Nxc6 bxc6 10. f4 c5 11. e5 Nd7 12. c4 d4 13. Bf2 Rb8 14. Qc2 g6 15. Bh4 Bg7 16. Ne4 Rb6 17. Nd6+ Rxd6 18. exd6 Qxd6 19. a3 0-0 20. Rab1 Bb7 21. b4 Re8 22. Bg3 Bc6 23. Be4 Rc8 24. Bxc6 Qxc6 25. b5 axb5 26. Rxb5 Ra8 27. a4 h5 28. a5 Bf6 29. Rfb1 Kg7 30. Be1 Qd6 31. Qe4 Ra6 32. Bd2 Kh7 33. Qb7 Rc6 34. Rb6 Nxb6 35. Rxb6 Rxb6 36. axb6 Kg7 37. Qc7 Be7 38. Ba5 d3 39. b7 Qd4+ 40. Kf1 d2 41. Bxd2 Qxd2 42. b8Q Qd1+ 43. Kf2 1/2-1/2